ADVERTISING AND PROMOTION AN INTEGRATED (Record no. 39572)

MARC details
000 -LEADER
fixed length control field 00262nam a2200109Ia 4500
008 - FIXED-LENGTH DATA ELEMENTS--GENERAL INFORMATION
fixed length control field 240625s9999 xx 000 0 und d
041 ## - LANGUAGE CODE
Language code of text/sound track or separate title eng
082 ## - DEWEY DECIMAL CLASSIFICATION NUMBER
Classification number 659.1 BEL
100 ## - MAIN ENTRY--PERSONAL NAME
Personal name BELCH GEORGE E
245 ## - TITLE STATEMENT
Title ADVERTISING AND PROMOTION AN INTEGRATED
260 ## - PUBLICATION, DISTRIBUTION, ETC.
Date of publication, distribution, etc. 2013
Holdings
Withdrawn status Lost status Damaged status Not for loan Home library Current library Shelving location Date acquired Source of acquisition Full call number Barcode Date last seen Price effective from Koha item type
        IMTN IMTN Rack 35-B 11/22/2017 32917 659.1 BEL BB1512 06/25/2024 06/25/2024 Book Bank
Designed & Maintained by: LRC IMT Nagpur Contact: lrc@imtnag.ac.in© 2024. All Rights Reserved.